[Event "Hampstead U2200 June 2013"]
[Site "Hampstead, UK"]
[Date "2013.06.30"]
[Round "5"]
[White "Hall, Anthony"]
[Black "Warman, Simon M"]
[Result "0-1"]
[WhiteElo "2037"]
[BlackElo "2093"]
[EventRounds "5"]

1. e4 c5 2. Nf3 e6 3. d4 cxd4 4. Nxd4 a6 5. Be2 Nf6 6. Nd2 Nc6 7. Nxc6 dxc6 8.
O-O Bd6 9. Bf3 O-O 10. Nc4 Bc7 11. Be3 Nd7 12. c3 b5 13. Nd6 Ne5 14. Nxc8 Rxc8
15. Bc5 Qxd1 16. Bxd1 Rfd8 17. Be2 Rd2 18. Rfe1 Rxb2 19. a4 Rd8 20. axb5 cxb5
21. Kf1 a5 22. Rab1 Rxb1 23. Rxb1 Nc4 24. Rxb5 Nd2+ 25. Ke1 Nxe4 26. Rb7 Bxh2
27. Bb6 Ra8 28. Ra7 Rxa7 29. Bxa7 a4 30. Bc4 a3 31. f3 Bg3+ 32. Kf1 Nd2+ {#R}
0-1

[Event "Hampstead U2200 June 2013"]
[Site "Hampstead, UK"]
[Date "2013.06.30"]
[Round "5"]
[White "Williamson, Roger"]
[Black "Joslin, Tim"]
[Result "1-0"]
[WhiteElo "2149"]
[BlackElo "1946"]
[EventRounds "5"]

1. e4 e6 2. Nf3 d5 3. Nc3 Nf6 4. e5 Nfd7 5. d4 c5 6. dxc5 Nc6 7. Bf4 Qa5 8. a3
Qxc5 9. Bd3 f6 10. exf6 gxf6 11. Bg3 Bd6 12. Nh4 Bxg3 13. hxg3 Nde5 14. Ng6
Nxg6 15. Bxg6+ Kd8 16. Qd2 Bd7 17. O-O-O Ne5 18. Bh5 Rc8 19. Qd4 Qxd4 20. Rxd4
Ke7 21. Be2 a6 22. Rdh4 Nc4 23. Rxh7+ Rxh7 24. Rxh7+ Kd6 25. Bxc4 Rxc4 26. Rf7
f5 27. Ne2 e5 28. f4 e4 29. c3 Ke6 30. Rh7 Rc7 31. Nd4+ Kd6 32. Kd2 Bc8 33.
Rxc7 Kxc7 34. Ke3 Kb6 35. g4 fxg4 36. f5 Kc5 37. Kf4 Kd6 38. g3 e3 39. Kxe3
Ke5 40. f6 Kxf6 41. Kf4 Bd7 42. Nc2 a5 43. b4 axb4 44. axb4 Ba4 45. Ne3 d4 46.
cxd4 Ke6 47. d5+ Kd6 48. Ke4 Bd7 49. Nc4+ Kc7 50. Ke5 b5 51. d6+ Kc6 52. Na5+
Kb6 53. Kf6 Bc8 54. Ke7 {#r} 1-0

[Event "Hampstead U2200 June 2013"]
[Site "Hampstead, UK"]
[Date "2013.06.30"]
[Round "5"]
[White "Tasker, Michael W"]
[Black "Pinzhenin, Alexsei"]
[Result "1-0"]
[WhiteElo "2084"]
[BlackElo "1828"]
[EventRounds "5"]

1. Nf3 Nf6 2. c4 g6 3. Nc3 c5 4. d4 cxd4 5. Nxd4 Bg7 6. e4 d6 7. Be2 O-O 8.
Be3 Nc6 9. O-O Bd7 10. Qd2 Qc8 11. f3 Nxd4 12. Bxd4 b6 13. Rac1 Qb7 14. Rfd1
Rac8 15. Be3 Be6 16. b3 Nd7 17. Kh1 Nc5 18. Nd5 Bxd5 19. cxd5 Nd7 20. Bb5 Rxc1
21. Rxc1 Ne5 22. h3 a6 23. Bc6 Nxc6 24. Rxc6 f5 25. Rxb6 Qd7 26. Qc2 fxe4 27.
Qxe4 Be5 28. f4 Bf6 29. Rc6 Ra8 30. Qc2 Kf7 31. Rc7 Qb5 32. Qc4 Qa5 33. b4 Qa4
34. Qe4 Qxa2 35. Qe6+ Kf8 36. Bd4 Qb1+ 37. Kh2 Qxb4 38. Bxf6 Qxf4+ 39. Kg1
Qxf6 40. Qxf6+ exf6 41. Rxh7 a5 42. Rh8+ {#r} 1-0

[Event "Hampstead U2200 June 2013"]
[Site "Hampstead, UK"]
[Date "2013.06.30"]
[Round "5"]
[White "Liang, Jake Z"]
[Black "Dickson, George"]
[Result "1-0"]
[WhiteElo "1754"]
[BlackElo "2054"]
[EventRounds "5"]

1. d4 Nf6 2. c4 g6 3. Nc3 d5 4. cxd5 Nxd5 5. e4 Nxc3 6. bxc3 Bg7 7. Bc4 c5 8.
Ne2 O-O 9. O-O cxd4 10. cxd4 Nc6 11. Be3 Bg4 12. f3 Na5 13. Bd5 Bd7 14. Rb1 e6
15. Bxb7 Nxb7 16. Rxb7 a6 17. Nc3 Bc6 18. Rb1 Qa5 19. Qb3 Rfc8 20. Rfc1 Bb5
21. Nxb5 axb5 22. Rxc8+ Rxc8 23. Qxb5 Qxa2 24. Qb2 Qa6 25. Qd2 Qa4 26. Qd1
Qxd1+ 27. Rxd1 Rc3 28. Kf2 Rc2+ 29. Kg3 Kf8 30. d5 Ke7 31. dxe6 Kxe6 32. f4
Rc4 33. Kf3 Rc3 34. g4 Ke7 35. Rd2 Ke6 36. Kf2 Rc4 37. e5 g5 38. Rd6+ Ke7 39.
Rd4 Rc2+ 40. Kg3 Re2 41. Re4 gxf4+ 42. Kxf4 Rxh2 43. Kf5 Rc2 44. Rb4 Rg2 45.
Rb7+ Ke8 46. Rb8+ Ke7 47. Rg8 Bxe5 48. Kxe5 f6+ 49. Kf5 Kf7 50. Rb8 Rh2 51.
Rb7+ Ke8 52. Kxf6 Rh3 53. Bb6 Rh6+ 54. Kf5 Rh1 55. Ba5 Rc1 56. Rxh7 Rc5+ 57.
Ke6 Rc6+ 58. Kd5 Rg6 59. Rh4 Rg5+ 60. Ke6 Rg6+ 61. Kf5 Rd6 62. Bb4 Rd4 63. Bc3
Rc4 64. Be5 Rc1 65. g5 Rf1+ 66. Ke6 {#r} 1-0

[Event "Hampstead U2200 June 2013"]
[Site "Hampstead, UK"]
[Date "2013.06.30"]
[Round "5"]
[White "du Buf, Paul"]
[Black "Landau, Jonathan"]
[Result "1-0"]
[WhiteElo "2034"]
[BlackElo "1922"]
[EventRounds "5"]

1. e4 d6 2. d4 Nf6 3. Nc3 Nbd7 4. Be3 e5 5. d5 g6 6. h4 Bg7 7. Be2 h5 8. Qd2
Nc5 9. f3 a5 10. Nh3 Qe7 11. Nf2 Ng8 12. O-O-O Bh6 13. Bxh6 Nxh6 14. g4 hxg4
15. fxg4 Qf6 16. g5 Qxf2 17. Bb5+ c6 18. Qxf2 Ng4 19. dxc6 O-O 20. Qg3 bxc6
21. Bxc6 Rb8 22. Nd5 Nxe4 23. Ne7+ Kh7 24. Bxe4 Be6 25. Rxd6 Rfe8 26. h5 Rxe7
27. hxg6+ Kg8 28. Qh4 {#r} 1-0

[Event "Hampstead U2200 June 2013"]
[Site "Hampstead, UK"]
[Date "2013.06.30"]
[Round "5"]
[White "Bedi, Adam"]
[Black "Zhou, Yang Jian"]
[Result "1-0"]
[WhiteElo "2026"]
[BlackElo "1667"]
[EventRounds "5"]

1. d4 Nf6 2. c4 g6 3. g3 Bg7 4. Bg2 O-O 5. Nf3 d6 6. Nc3 c5 7. O-O cxd4 8.
Nxd4 a6 9. Bg5 h6 10. Be3 Ng4 11. Bc1 Ne5 12. b3 Nbc6 13. Nxc6 Nxc6 14. Bb2
Rb8 15. Qd2 Ne5 16. Rfd1 b5 17. c5 Bb7 18. cxd6 Bxg2 19. Kxg2 exd6 20. Qxd6
Qc8 21. Nd5 Qe6 22. Ne7+ Kh7 23. Rac1 Ng4 24. Bxg7 Kxg7 25. e3 Qe4+ 26. Kg1
Qf3 27. Qd4+ Kh7 28. Qf4 Qxf4 29. gxf4 Rfe8 30. Rc7 Rbd8 31. Rxd8 Rxd8 32. h3
Nf6 33. Nc6 Rd7 34. Rxd7 Nxd7 35. Ne5 Nxe5 36. fxe5 g5 37. Kg2 Kg6 38. e4 Kh5
39. Kg3 b4 40. f4 Kg6 41. f5+ Kh5 42. Kf3 a5 43. Kg3 g4 44. hxg4+ Kg5 45. Kf3
h5 46. gxh5 Kxh5 47. Kf4 Kh6 48. Kg4 Kg7 49. Kg5 Kf8 50. Kf6 Ke8 51. e6 Kf8
52. e7+ Ke8 53. e5 a4 54. bxa4 b3 55. axb3 {#r} 1-0

[Event "Hampstead U2200 June 2013"]
[Site "Hampstead, UK"]
[Date "2013.06.30"]
[Round "5"]
[White "Sagues, Vincent"]
[Black "Psaila, Clarence"]
[Result "1/2-1/2"]
[WhiteElo "1939"]
[BlackElo "2016"]
[EventRounds "5"]

1. e4 e6 2. d4 d5 3. Nd2 c5 4. exd5 Qxd5 5. Ngf3 cxd4 6. Bc4 Qd6 7. O-O Nf6 8.
Nb3 Nc6 9. Nbxd4 Nxd4 10. Nxd4 Bd7 11. b3 Be7 12. a4 Qc7 13. Nb5 Qb8 14. Bb2
a6 15. Nd4 O-O 16. Qe2 Qf4 17. Rad1 Rad8 18. Rfe1 Bb4 {#d} 1/2-1/2

[Event "Hampstead U2200 June 2013"]
[Site "Hampstead, UK"]
[Date "2013.06.30"]
[Round "5"]
[White "Hayward, Alan"]
[Black "Brozel, Sacha"]
[Result "1-0"]
[WhiteElo "1954"]
[BlackElo "1706"]
[EventRounds "5"]

1. d4 Nf6 2. Nc3 d5 3. Bg5 e6 4. e4 Be7 5. e5 Nfd7 6. h4 O-O 7. Nb5 Nc6 8. c4
dxc4 9. Bxc4 Nb6 10. Bd3 a6 11. Nc3 Qxd4 12. Nf3 Qd8 13. Bxe7 Qxe7 14. Qe2 g6
15. h5 Nd5 16. Qd2 Nxc3 17. bxc3 Rd8 18. Rd1 b6 19. Qh6 Qf8 20. Qf4 Qc5 21.
hxg6 Qxc3+ 22. Ke2 fxg6 23. Rxh7 Rd7 24. Rh8+ Kxh8 25. Qf8+ Kh7 26. Rh1# 1-0

[Event "Hampstead U2200 June 2013"]
[Site "Hampstead, UK"]
[Date "2013.06.30"]
[Round "5"]
[White "Burgoyne, Peter"]
[Black "Millward, David J"]
[Result "1/2-1/2"]
[WhiteElo "1689"]
[BlackElo "1998"]
[EventRounds "5"]

1. e4 d5 2. exd5 Qxd5 3. d4 Nf6 4. Nf3 Bg4 5. Be2 c6 6. O-O e6 7. h3 Bxf3 8.
Bxf3 Qd8 9. c4 Be7 10. Nc3 O-O 11. Re1 Re8 12. Bf4 Nbd7 13. d5 exd5 14. cxd5
Qb6 15. dxc6 bxc6 16. Ne4 Bb4 17. Nxf6+ Nxf6 18. Rxe8+ Rxe8 19. Qc2 Nd5 20.
Bg3 Bf8 21. a3 g6 22. Rc1 Re6 23. Bg4 f5 24. Bf3 Qa5 25. Rd1 Re1+ 26. Rxe1
Qxe1+ 27. Kh2 Qe6 28. Qd3 Be7 29. Bxd5 cxd5 30. Qd4 a6 31. Be5 Bc5 32. Qxc5
Qxe5+ 33. Kg1 Qe1+ 34. Kh2 Qe6 35. Kg1 Qe1+ {#d} 1/2-1/2

[Event "Hampstead U2200 June 2013"]
[Site "Hampstead, UK"]
[Date "2013.06.30"]
[Round "5"]
[White "Dydak, Mateusz"]
[Black "Rosenbaum, Daniel A"]
[Result "1-0"]
[WhiteElo "1892"]
[BlackElo "1730"]
[EventRounds "5"]

1. f4 e6 2. Nf3 f5 3. g3 Nf6 4. Bg2 d5 5. O-O Bd6 6. b3 Qe7 7. Bb2 O-O 8. c4
c6 9. Ne5 a5 10. d3 Bd7 11. Nd2 Na6 12. Ndf3 Nc7 13. Qd2 Be8 14. Ng5 Bh5 15.
Rfe1 a4 16. Bc3 axb3 17. axb3 b5 18. Nxc6 Qe8 19. Ne5 Bc5+ 20. d4 Be7 21. Rxa8
Qxa8 22. Ra1 Qb7 23. Ra5 h6 24. Nh3 Ne4 25. Bxe4 fxe4 26. c5 Ra8 27. g4 Be8
28. g5 hxg5 29. Nxg5 Bxg5 30. fxg5 Rxa5 31. Bxa5 Na6 32. b4 Qe7 33. Qf4 Qf8
34. Qg4 Qe7 35. h4 g6 36. Qf4 Kg7 37. Ng4 Bc6 38. Nf6 Qb7 39. Qe5 Kf8 40. Qxe6
Nb8 41. Qg8+ Ke7 42. Bd8# 1-0

[Event "Hampstead U2200 June 2013"]
[Site "Hampstead, UK"]
[Date "2013.06.30"]
[Round "5"]
[White "Mitchell, Bob"]
[Black "Neatherway, A Philip"]
[Result "0-1"]
[WhiteElo "1707"]
[BlackElo "1863"]
[EventRounds "5"]

1. d4 Nf6 2. Nf3 c5 3. e3 cxd4 4. exd4 d5 5. Bd3 g6 6. O-O Bg7 7. h3 O-O 8.
Be3 Nc6 9. c3 a6 10. Nbd2 b5 11. Nb3 Ne4 12. Nfd2 f5 13. Bf4 e5 14. dxe5 Nxe5
15. Nd4 Nxd3 16. Nxe4 dxe4 17. Qb3+ Kh8 18. Bd2 Qd6 19. Ne2 Be6 20. Qc2 Rad8
21. Nd4 Nb4 22. cxb4 Bxd4 23. Bc3 Bxc3 24. bxc3 Qd2 25. Qxd2 Rxd2 26. a3 Rfd8
{#R} 0-1

[Event "Hampstead U2200 June 2013"]
[Site "Hampstead, UK"]
[Date "2013.06.30"]
[Round "5"]
[White "Minguez, Iluminada"]
[Black "Miu, Marinel"]
[Result "1-0"]
[WhiteElo "1860"]
[BlackElo "1700"]
[EventRounds "5"]

1. c4 e6 2. g3 d5 3. Bg2 c6 4. b3 f5 5. Bb2 Nf6 6. d3 Bb4+ 7. Nd2 O-O 8. Ngf3
Qe7 9. O-O Nbd7 10. Ne5 Ba3 11. Bxa3 Qxa3 12. f4 Nxe5 13. fxe5 Ng4 14. Nf3 Qb2
15. Rb1 Qxa2 16. Ra1 Qb2 17. Rb1 Qc3 18. Qc1 Qxc1 19. Rfxc1 Bd7 20. c5 Nh6 21.
e3 Nf7 22. Ra1 g5 23. d4 h6 24. Rc2 Nh8 25. h4 g4 26. Ne1 Ng6 27. Nd3 h5 28.
Rca2 a6 29. Bf1 Rab8 30. Be2 Kg7 31. Ra4 Kh6 32. Rb4 Rfc8 33. Raa4 Kg7 34. Rb6
Kf7 35. Nf4 Nxf4 36. exf4 Ke7 37. Rab4 Rc7 38. Bxa6 Bc8 39. Ra4 Kd8 40. Kf2
Re7 41. Bd3 Kc7 42. Ke2 Bd7 43. Ra7 Be8 44. Kd2 Kc8 45. Kc3 Rc7 46. Kb4 Bd7
47. Ka5 Kd8 48. b4 Rcc8 49. Rbxb7 Rxb7 50. Rxb7 Ra8+ 51. Ba6 Bc8 52. Rb6 Kc7
53. b5 cxb5 54. Kxb5 Bd7+ 55. Kb4 Ra7 56. Rd6 Bc6 57. Bb5 Bxb5 58. Kxb5 Ra3
59. Rxe6 Rb3+ 60. Ka5 Rxg3 61. Rf6 Rd3 62. Rf7+ Kd8 63. Kb6 Rb3+ 64. Kc6 Rh3
65. Kd6 Ke8 66. e6 Re3 67. Rh7 Kf8 68. c6 g3 69. c7 {#r} 1-0

[Event "Hampstead U2200 June 2013"]
[Site "Hampstead, UK"]
[Date "2013.06.30"]
[Round "5"]
[White "Hernandez Castro, Julio"]
[Black "Winter, Malcolm J"]
[Result "1/2-1/2"]
[WhiteElo "1836"]
[BlackElo "1553"]
[EventRounds "5"]

1. c4 e6 2. g3 d5 3. Bg2 Nf6 4. Nf3 Nbd7 5. O-O Be7 6. d4 O-O 7. Nc3 c6 8. b3
b6 9. Re1 Ba6 10. Nd2 Bb7 11. e4 dxe4 12. Ncxe4 Nxe4 13. Nxe4 Nf6 14. Bb2 Qc7
15. d5 Nxe4 16. Bxe4 exd5 17. Qg4 g6 18. Bd3 c5 19. cxd5 Bxd5 20. Qe2 Rfe8 21.
Bb5 Bc6 22. Bxc6 Qxc6 23. Qe5 f6 24. Qe6+ Qxe6 25. Rxe6 Kf7 26. Rae1 Rad8 27.
g4 g5 28. Kg2 Rd6 29. Rxd6 Bxd6 30. Rxe8 Kxe8 31. Bxf6 Be7 32. Be5 Kd7 33. f4
gxf4 34. Bxf4 Ke6 35. Kf3 Kd5 36. Bb8 a6 37. Ba7 b5 38. Ke3 c4 39. bxc4+ bxc4
40. Kd2 Bf6 41. Be3 Ke4 42. g5 Be5 43. h4 c3+ 44. Ke2 a5 45. h5 a4 46. g6 hxg6
47. hxg6 c2 48. Bc1 Bc3 49. Ba3 Kf5 {#d} 1/2-1/2

[Event "Hampstead U2200 June 2013"]
[Site "Hampstead, UK"]
[Date "2013.06.30"]
[Round "5"]
[White "Cavendish, Joshua Z"]
[Black "Richards, John"]
[Result "1-0"]
[WhiteElo "1666"]
[BlackElo "1813"]
[EventRounds "5"]

1. e4 e6 2. d3 d5 3. Nd2 Nf6 4. Ngf3 dxe4 5. dxe4 Bc5 6. Bd3 Nc6 7. O-O O-O 8.
Nb3 Be7 9. e5 Nd5 10. c3 g6 11. Re1 a6 12. a4 a5 13. Bh6 Re8 14. Nbd2 Nxc3 15.
bxc3 Qxd3 16. Re3 Qd7 17. Ng5 Rd8 18. Ra2 Qd5 19. c4 Qxc4 20. Rc2 Qxa4 21. Qc1
Rd5 22. Rc4 Qa2 23. Rc2 Qa4 24. Rc4 Qb5 25. f4 Bc5 26. Nde4 Bxe3+ 27. Qxe3
Rd1+ 28. Kf2 Nxe5 29. Nf6+ Kh8 30. fxe5 Rd7 31. Rh4 Qb2+ 32. Kf3 Rd2 33. Nxf7#
1-0

[Event "Hampstead U2200 June 2013"]
[Site "Hampstead, UK"]
[Date "2013.06.30"]
[Round "5"]
[White "Walker, Adrian"]
[Black "Parry, Jacques"]
[Result "1/2-1/2"]
[WhiteElo "1643"]
[BlackElo "1762"]
[EventRounds "5"]

1. e4 c5 2. d4 cxd4 3. c3 g6 4. Nf3 Bg7 5. Bc4 d3 6. Qb3 e6 7. O-O Ne7 8. Bg5
Nbc6 9. Bxd3 O-O 10. c4 h6 11. Bf4 e5 12. Bg3 b6 13. Nc3 d6 14. h3 Bb7 15.
Rac1 Qd7 16. Rfd1 Nd4 17. Nxd4 exd4 18. Nb5 Be5 19. f4 Bg7 20. Bb1 Nc6 21. Bf2
Rfe8 22. Nxd4 Nxd4 23. Bxd4 Bxe4 24. Qc3 Bxd4+ 25. Rxd4 Qc6 26. Qd2 Rad8 27.
b3 Bxb1 28. Rxb1 Re4 29. Rxe4 Qxe4 30. Re1 Qf5 31. Re7 {#d} 1/2-1/2

[Event "Hampstead U2200 June 2013"]
[Site "Hampstead, UK"]
[Date "2013.06.30"]
[Round "5"]
[White "Klingher, Dominic"]
[Black "Torrance, John"]
[Result "1/2-1/2"]
[WhiteElo "1642"]
[BlackElo "1650"]
[EventRounds "5"]

1. Nf3 Nf6 2. g3 d6 3. Bg2 e5 4. c4 c6 5. d3 Be7 6. Nc3 O-O 7. O-O Nbd7 8. Bg5
h6 9. Bxf6 Nxf6 10. Rc1 Qc7 11. a3 a5 12. Re1 Be6 13. e3 Rab8 14. Qe2 Bg4 15.
Qc2 Bf5 16. Qd1 Rfe8 17. d4 e4 18. Nd2 Bf8 19. d5 Qd7 20. Nb3 Ra8 21. Na4 Qc7
22. dxc6 bxc6 23. Nd4 Bg6 24. c5 d5 25. Nb6 Rab8 26. Qa4 Bxc5 27. Rxc5 Qxb6
28. Rxc6 Qxb2 29. Qxa5 Ng4 30. Rf1 Ra8 31. Qxd5 Nf6 32. Qb5 Qxa3 33. Nc2 Qa5
34. Qc4 Qa4 35. Qxa4 Rxa4 36. Nd4 Rea8 37. Rfc1 Ra2 38. h3 Rb2 39. Rc8+ Rxc8
40. Rxc8+ Kh7 41. Rc1 Nd7 42. Nc6 Nf6 43. Ne5 Rb5 44. Nxg6 Kxg6 45. Bf1 Rb7
46. Kg2 Nd7 47. Bc4 f5 48. g4 Ne5 49. Bd5 Rb5 50. Be6 fxg4 51. hxg4 Kg5 52.
Rc7 g6 53. Kg3 Kf6 54. Ba2 Kg5 {#d} 1/2-1/2

[Event "Hampstead U2200 June 2013"]
[Site "Hampstead, UK"]
[Date "2013.06.30"]
[Round "5"]
[White "Dwarakanathan, Srinidhi"]
[Black "Horlock, Peter J"]
[Result "0-1"]
[WhiteElo "1218"]
[BlackElo "1657"]
[EventRounds "5"]

1. e4 e5 2. Nf3 Nc6 3. Bc4 Bc5 4. c3 d6 5. d4 exd4 6. cxd4 Bb4+ 7. Nc3 Nf6 8.
Bd2 O-O 9. O-O Bxc3 10. bxc3 Nxe4 11. Re1 Nxd2 12. Qxd2 Ne7 13. Bd3 Bf5 14.
Rab1 Bxd3 15. Qxd3 b6 16. Ng5 Ng6 17. Ne4 d5 18. Ng3 Qg5 19. h3 f5 20. Qb5
Rad8 21. Re2 a6 22. Qxa6 f4 23. Rbe1 fxg3 24. fxg3 Qxg3 25. Re3 Qf2+ 26. Kh2
Nh4 27. Rg3 Qxe1 28. Qd3 Rf1 {#R} 0-1

[Event "Hampstead U2200 June 2013"]
[Site "Hampstead, UK"]
[Date "2013.06.30"]
[Round "5"]
[White "Sharkey, Brian"]
[Black "Weaver, Lauren"]
[Result "0-1"]
[WhiteElo "1810"]
[BlackElo "1518"]
[EventRounds "5"]

1. d4 Nf6 2. c4 g6 3. Nc3 Bg7 4. e4 d6 5. f3 O-O 6. Be3 Nbd7 7. Qd2 e5 8. d5
Ne8 9. Nge2 f5 10. b4 fxe4 11. Nxe4 Ndf6 12. N2c3 Nxe4 13. Nxe4 Nf6 14. Bd3
Nxe4 15. Bxe4 Bf5 16. O-O Qd7 17. Qc2 Rad8 18. Bxa7 Bxe4 19. fxe4 b6 20. c5
Qb5 21. Rxf8+ Bxf8 22. cxb6 cxb6 23. Qc6 Qxb4 24. Qxb6 Qc3 25. Rf1 Rc8 26. Qf2
Qc4 27. Ra1 Qxe4 28. Qf3 Qa4 29. Bf2 Bg7 30. Qd1 Qf4 31. g3 Qf5 32. a4 Rc2 33.
Qe1 e4 34. Rd1 Qf3 35. Rd2 Bc3 36. Rxc2 Bxe1 37. Bxe1 Qd1 38. Rc8+ Kg7 39. Kf1
Qxa4 40. Rc7+ Kh6 41. Bd2+ g5 42. Rc6 Qd1+ {#R} 0-1

[Event "Hampstead U2200 June 2013"]
[Site "Hampstead, UK"]
[Date "2013.06.30"]
[Round "5"]
[White "Sheera, Sophia"]
[Black "Haddock, Paul"]
[Result "1/2-1/2"]
[WhiteElo "1338"]
[BlackElo "1684"]
[EventRounds "5"]

1. e4 e5 2. Nf3 Nc6 3. Bc4 Bc5 4. c3 Nf6 5. d4 exd4 6. cxd4 Bb4+ 7. Bd2 d5 8.
exd5 Nxd5 9. Qb3 Be6 10. Bxb4 Ncxb4 11. Bxd5 Nxd5 12. Qxb7 Rb8 13. Qc6+ Qd7
14. Qc2 O-O 15. O-O Bf5 16. Qd2 f6 17. Nc3 Rfe8 18. Rfe1 Qd6 19. a3 Nf4 20.
Nh4 Bd7 21. Rad1 Nd5 22. Nxd5 Qxd5 23. Qc3 Ba4 24. Rc1 Rxe1+ 25. Rxe1 c6 26.
h3 Kf7 27. Nf3 Rb3 28. Qd2 Bb5 29. Re3 Rxe3 30. fxe3 Qe4 31. Qf2 h6 32. Nd2
Qc2 33. Nf3 Qe4 34. Qd2 Kg8 35. Qc3 Bd3 36. Qc1 Be2 37. Kf2 Bd3 38. Qc5 a6
{#d} 1/2-1/2

[Event "Hampstead U2200 June 2013"]
[Site "Hampstead, UK"]
[Date "2013.06.30"]
[Round "5"]
[White "Lovell, William"]
[Black "Hung, Dylan"]
[Result "1-0"]
[WhiteElo "1322"]
[BlackElo "1490"]
[EventRounds "5"]

1. e4 c6 2. c4 d5 3. cxd5 cxd5 4. exd5 Qxd5 5. Nc3 Qd8 6. Nf3 Nc6 7. Bb5 Nf6
8. O-O Bd7 9. d4 a6 10. Bc4 e6 11. Bg5 Be7 12. Re1 b5 13. Bb3 O-O 14. d5 exd5
15. Nxd5 Nxd5 16. Qxd5 Bxg5 17. Nxg5 Ne7 18. Qe4 Ng6 19. Rad1 Qxg5 20. Rxd7
Rad8 21. Rxd8 Rxd8 22. Qf3 Ne5 23. Qe4 Re8 24. Kh1 Qd2 25. f4 Qxb2 26. fxe5
Kh8 27. Bxf7 Rf8 28. e6 {#r} 1-0

[Event "Hampstead U2200 June 2013"]
[Site "Hampstead, UK"]
[Date "2013.06.30"]
[Round "5"]
[White "Ritchie, Paul"]
[Black "Humphries, Zak"]
[Result "0-1"]
[WhiteElo "1586"]
[BlackElo "1450"]
[EventRounds "5"]

1. d4 d5 2. c4 c6 3. Nf3 Nf6 4. Nc3 Nbd7 5. Qc2 e6 6. e4 dxe4 7. Nxe4 Bb4+ 8.
Bd2 Bxd2+ 9. Nfxd2 Nxe4 10. Nxe4 Nf6 11. Nxf6+ Qxf6 12. O-O-O O-O 13. Bd3 g6
14. Be4 Re8 15. Rhe1 Rb8 16. Re3 Re7 17. Kb1 Qg7 18. f4 f5 19. Bf3 Bd7 20. Re5
h5 21. Qf2 b6 22. Rd3 a5 23. Bxh5 Be8 24. Rg3 Kf8 25. Rg5 Qh6 26. Bd1 Qxh2 27.
Rg3 Qh4 28. Re1 Bd7 29. Qf3 Kf7 30. Rf1 Qf6 31. Qe3 Ree8 32. Rh3 Rh8 33. Rfh1
b5 34. Rh7+ Rxh7 35. Rxh7+ Ke8 36. d5 bxc4 37. Qe5 Qxe5 38. fxe5 Rb5 39. Rh8+
Kf7 40. Rh7+ Ke8 41. dxc6 Bxc6 42. Ba4 Rxb2+ 43. Kxb2 Bxa4 44. Kc3 Bb5 45. Rg7
a4 46. a3 Kf8 47. Rxg6 Kf7 48. Rf6+ Ke7 49. Rh6 Kd7 50. Rh4 Kc6 51. Rd4 Kc5
52. Rd8 Bc6 53. Rd4 Bd5 54. g3 Kb5 55. Rxd5+ exd5 56. e6 Kc6 57. e7 Kd7 58.
e8=Q+ Kxe8 59. Kb4 Ke7 60. Kxa4 Kd6 61. Kb4 Kc6 62. a4 Kb6 63. a5+ Ka6 64. Ka4
d4 65. Kb4 d3 66. Kc3 Kxa5 67. Kd2 Kb4 68. Kc1 c3 69. Kb1 Kb3 {#R} 0-1

[Event "Hampstead U2200 June 2013"]
[Site "Hampstead, UK"]
[Date "2013.06.30"]
[Round "5"]
[White "Klingher, Bernard"]
[Black "Byrne, Ken J"]
[Result "1/2-1/2"]
[WhiteElo "1034"]
[BlackElo "1194"]
[EventRounds "5"]

1. e4 d6 2. Nf3 g6 3. Bc4 Bg7 4. Ng5 e6 5. O-O Qxg5 6. f4 Qe7 7. f5 Nf6 8. Nc3
O-O 9. d3 exf5 10. exf5 Bxf5 11. Nd5 Nxd5 12. Bxd5 c6 13. Bf3 Bd4+ 14. Kh1 Be3
15. Qe2 Re8 16. Re1 {#d} 1/2-1/2